Michael Jackson - Human Nature Lyrics - Statistics

General Stats
  • This quiz has been taken 14 times
  • The average score is 200 of 299
Answer Stats
Hint Answer % Correct
that
100%
the
100%
The
100%
human
90%
I
90%
it's
90%
me
90%
nature
90%
out
90%
out,
90%
Tell
90%
tell
90%
why,
90%
why?
90%
Why,
90%
why
90%
"Why,
90%
why?"
90%
a
80%
do
80%
If
80%
they
80%
an
70%
Does
70%
'em
70%
he
70%
is
70%
just
70%
say
70%
say,
70%
say.
70%
Then
70%
to
70%
way?
70%
way
70%
Verse 1 | Verse 3 Looking
60%
Verse 2 Reaching
60%
See
60%
this
60%
touch
60%
town
60%
across
50%
apple
50%
bite
50%
eye
50%
eyes
50%
girl,
50%
I'm
50%
let
50%
like
50%
take
50%
are
40%
city
40%
everywhere
40%
likes
40%
nighttime
40%
she
40%
She
40%
stare
40%
stranger
40%
into
30%
knows
30%
living
30%
loving
30%
Oh
30%
oh
30%
sleepless
30%
watching
30%
window
30%
Electric
20%
Hear
20%
her
20%
hold
20%
of
20%
Ooh,
20%
tonight
20%
winks
20%
won't
20%
Da,
10%
da,
10%
da
10%
Four
10%
Get
10%
my
10%
seducing
10%
shake
10%
sighs
10%
Sweet
10%
voice
10%
walls
10%
beat
0%
begins
0%
city's
0%
dreaming
0%
heart
0%
morning
0%
shoulder
0%
street
0%
No matching quizzes found
Score Distribution
Percent of People with Each Score
Percentile by Number Answered
Your Score History
You have not taken this quiz